Zmeny vo vnútropodnikovom komunikačnom prostredí malých a stredných podnikov pôsobiacich v SR
Zmeny, ktoré prebiehajú vo vnútropodnikovej komunikácii v malých a stredných podnikoch. Názory niektorých autorov, ktorí sa komunikáciou zaoberajú v rámci interkultúrneho manažmentu. Faktory ovplyvňujúce formálne a neformálne vnútropodnikové komunikačné prostredie v podnikoch.
Salvato in:
| Autore principale: | |
|---|---|
| Natura: | Capitolo di libro |
| Lingua: | slovacco |
| Soggetti: | |
| Tags: |
Nessun Tag, puoi essere il primo ad aggiungerne!!
|
MARC
| LEADER | 00000naa$a2200000$$$4500 | ||
|---|---|---|---|
| 001 | 0258894 | ||
| 005 | 20240502083736.6 | ||
| 041 | 0 | |a slo | |
| 044 | |a CZ | ||
| 245 | 1 | 0 | |a Zmeny vo vnútropodnikovom komunikačnom prostredí malých a stredných podnikov pôsobiacich v SR |c Miroslava Szarková |
| 520 | |a Zmeny, ktoré prebiehajú vo vnútropodnikovej komunikácii v malých a stredných podnikoch. Názory niektorých autorov, ktorí sa komunikáciou zaoberajú v rámci interkultúrneho manažmentu. Faktory ovplyvňujúce formálne a neformálne vnútropodnikové komunikačné prostredie v podnikoch. | ||
| 610 | 2 | 0 | |a komunikácia firemná |
| 610 | 2 | 0 | |a komunikácia interná |
| 610 | 2 | 0 | |a podnik malý |
| 610 | 2 | 0 | |a podnik stredný |
| 610 | 2 | 0 | |a technológie informačné |
| 610 | 2 | 0 | |a technológie komunikačné |
| 610 | 2 | 0 | |a technológie nové |
| 100 | 1 | |a Szarková, Miroslava, 1951- | |